ASSESSING BIOAVAILABILITY OF DRUG DELIVERY SYSTEMS (Record no. 268754)

MARC details
000 -LEADER
fixed length control field 00337pam a2200121a 44500
008 - FIXED-LENGTH DATA ELEMENTS--GENERAL INFORMATION
fixed length control field 230405s2005 xxu||||| |||| 00| 0 eng d
041 ## - LANGUAGE CODE
Language code of text/sound track or separate title ENG
100 ## - MAIN ENTRY--PERSONAL NAME
Personal name VERGNAUD J
245 ## - TITLE STATEMENT
Title ASSESSING BIOAVAILABILITY OF DRUG DELIVERY SYSTEMS
260 ## - PUBLICATION, DISTRIBUTION, ETC.
Place of publication, distribution, etc. NEW YORK
Name of publisher, distributor, etc. WILEY INTERSCIENCE PUBLICATION NEW YORK
Date of publication, distribution, etc. 2005
300 ## - PHYSICAL DESCRIPTION
Extent 223
906 ## - LOCAL DATA ELEMENT F, LDF (RLIN)
a 3315
Holdings
Withdrawn status Lost status Damaged status Not for loan Collection Home library Current library Date acquired Source of acquisition Cost, normal purchase price Total Checkouts Full call number Barcode Date last seen Price effective from Koha item type
          College of Pharmacy, Kolhapur College of Pharmacy, Kolhapur 02/09/2006 SAI BOOK CENTRE 5219.00   615.1-- PCK-M-191 14/04/2023 14/04/2023 Book